Biggest Cities Starting With Q - Statistics

General Stats
  • This quiz has been taken 13,176 times
    6,497 since last reset
  • The average score is 3 of 9
Answer Stats
Country Population City % Correct
Ecuador 2.83 mil Quito
99%
China 7.45 mil Qingdao
53%
Iran 1.42 mil Qom
40%
Pakistan 1.24 mil Quetta
31%
Mexico 1.69 mil Querétaro
24%
China 1.03 mil Qiqihar
11%
China 1.30 mil Qingyuan
7%
China 1.68 mil Qinhuangdao
7%
China 1.10 mil Qujing
4%
No matching quizzes found
Score Distribution
Percent of People with Each Score
Percentile by Number Answered
Your Score History
You have not taken this quiz since the last reset